Statistics for Judd Apatow Movies

Click here to take the quiz!

General Stats

  • This quiz has been taken 15 times
  • The average score is 13 of 32

Answer Stats

HintAnswer% Correct
2005The 40-Year-Old Virgin
100%
2012This Is 40
100%
2007Knocked Up
91%
2008Pineapple Express
73%
2007Superbad
73%
2009Funny People
64%
2015Trainwreck
64%
2004Anchorman: The Legend of Ron Burgundy
55%
2008Forgetting Sarah Marshall
55%
2022The Bubble
55%
2011Bridesmaids
45%
2010Get Him to the Greek
45%
2008Step Brothers
45%
2020The King of Staten Island
45%
1996The Cable Guy
36%
2009Year One
36%
1996Celtic Pride
27%
1995Heavyweights
27%
2006Talladega Nights: The Ballad of Ricky Bobby
27%
2012The Five-Year Engagement
27%
2007Walk Hard: The Dewey Cox Story
27%
2012Wanderlust
27%
2013Anchorman 2: The Legend Continues
18%
2013Begin Again
18%
1992Crossing the Bridge
18%
2008Drillbit Taylor
18%
2005Fun with Dick and Jane
18%
2018Juliet, Naked
18%
2016Pee-wee's Big Holiday
18%
2016Popstar: Never Stop Never Stopping
18%
2017The Big Sick
18%
2008You Don't Mess with the Zohan
18%

Score Distribution

Percentile by Number Answered

Percent of People with Each Score

Your Score History

You have not taken this quiz